[Event "Hoogeveen Essent Amateur"]
[Site "Hoogeveen"]
[Date "2001.10.16"]
[Round "5"]
[White "Van der Zanden, Cora W"]
[Black "Hummel, Joop"]
[Result "1-0"]
[WhiteElo "1851"]
[BlackElo "1894"]
[PlyCount "63"]
[EventDate "2001.10.12"]
[EventType "swiss"]
[EventRounds "9"]
[EventCountry "NED"]
[SourceTitle "EXT 2003"]
[Source "ChessBase"]
[SourceDate "2002.11.25"]
[SourceVersion "1"]
[SourceVersionDate "2002.11.25"]
[SourceQuality "1"]

1. e4 e5 2. Bc4 Nf6 3. d3 Bc5 4. Nf3 0-0 5. Nxe5 d5 6. exd5 Bd4 7. Nf3 Re8+ 8. Kf1 Bb6 9. d4 Nxd5 10. Nc3 c6 11. Nxd5 cxd5 12. Bd3 Bg4 13. c3 Nd7 14. h3 Bh5 15. g4 Bg6 16. Bxg6 fxg6 17. Bg5 Qc7 18. Bh4 Qf4 19. Qd3 Re4 20. Kg2 Rae8 21. Rae1 h6 22. Bg3 Qf7 23. Re3 g5 24. Rhe1 Nf6 25. Ne5 Qe6 26. f3 Rxe3 27. Rxe3 Bc7 28. Qb5 Qc8 29. Qe2 h5 30. Ng6 Bxg3 31. Rxe8+ Nxe8 32. Ne7+ 1-0